| 000 | 00717nam a2200241Ia 4500 | ||
|---|---|---|---|
| 003 | OSt | ||
| 005 | 20220912150540.0 | ||
| 006 | a|||||r|||| 00| 0 | ||
| 007 | ta | ||
| 008 | 220909b |||||||| |||| 00| 0 eng d | ||
| 024 | _a783 | ||
| 037 | _cTextual | ||
| 040 |
_aCSL _beng _cCSL |
||
| 041 | _aeng | ||
| 082 | _aB2893PobD658,8(B), L5 | ||
| 100 | _aGraswold Ralph E | ||
| 245 | 0 | _aString and list processing in snobol 4: techniques and applications | |
| 260 |
_aNew Jersey _b Prentice Hall _c1975 |
||
| 300 |
_axiv,287p. _ccm. |
||
| 490 | _aPrentice Hall series in automatic computation | ||
| 942 |
_hB2893PobD658,8(B), L5 _cTEXL _2CC |
||
| 999 |
_c49668 _d49668 |
||